Einfluss der Fremdwörter auf die Jugendsprache im Deutschen diplomová práca

Enregistré dans:
Détails bibliographiques
Auteur principal: Slivošová, Dominika
Collectivité auteur: Fakulta aplikovaných jazykov EU v Bratislave. Katedra jazykovedy a translatológie
Autres auteurs: Adamcová, Silvia, 1984-
Format: Livre
Langue:allemand
Publié: Bratislava 2018
Tags: Ajouter un tag
Pas de tags, Soyez le premier à ajouter un tag!

MARC

LEADER 00000nbm a2200000 4500
001 0244003
005 20181011145419.4
041 0 |a ger 
044 |a SK 
245 1 0 |a Einfluss der Fremdwörter auf die Jugendsprache im Deutschen  |b diplomová práca  |c Dominika Slivošová ; školiteľ: Silvia Adamcová 
264 1 |a Bratislava  |c 2018 
300 |a 112 s. 
100 1 |a Slivošová, Dominika 
700 1 |a Adamcová, Silvia, 1984- 
710 2 |a Fakulta aplikovaných jazykov EU v Bratislave. Katedra jazykovedy a translatológie